Novela zákona o obecnom zriadení od 1. apríla 2018

Novela normatívneho právneho aktu – zákona č. 369/1990 Zb. o obecnom zriadení v znení neskorších predpisov, ktorou sa novelizuje zákon č. 369/1990 Zb. o obecnom zriadení v z. n. p. Novela bude v účinnosti od 1. apríla 2018 a zmeny, ktoré prináša, sa týkajú najmä spôsobov zverejnenia všeobecne záväzn...

Descripción completa

Guardado en:
Detalles Bibliográficos
Autor principal: Sýkora, Jozef
Formato: Capítulo de libro
Lenguaje:eslovaco
Materias:
Etiquetas: Agregar Etiqueta
Sin Etiquetas, Sea el primero en etiquetar este registro!

MARC

LEADER 00000naa a2200000 4500
001 0241190
005 20180316070217.1
041 0 |a slo 
044 |a SK 
245 1 0 |a Novela zákona o obecnom zriadení od 1. apríla 2018  |c Jozef Sýkora 
520 |a Novela normatívneho právneho aktu – zákona č. 369/1990 Zb. o obecnom zriadení v znení neskorších predpisov, ktorou sa novelizuje zákon č. 369/1990 Zb. o obecnom zriadení v z. n. p. Novela bude v účinnosti od 1. apríla 2018 a zmeny, ktoré prináša, sa týkajú najmä spôsobov zverejnenia všeobecne záväzných nariadení, určenia povinností pri organizovaní miestneho referenda, zhromaždení obyvateľov, určenia stropov odmien poslancov, zástupcov starostu, osôb v poradných orgánoch obce, ktorí nie sú poslancami obecného zastupiteľstva a pod. 
610 2 0 |a zákony 
610 2 0 |a novelizácia 
610 2 0 |a Slovensko 
610 2 0 |a správa verejná 
610 2 0 |a správa miestna 
100 1 |a Sýkora, Jozef